|
|
|
|
| LEADER |
00000nam0a2200000 4500 |
| 001 |
231371 |
| 005 |
20231101231058.0 |
| 035 |
|
|
|a (RuTPU)RU\TPU\book\252390
|
| 035 |
|
|
|a RU\TPU\book\252217
|
| 090 |
|
|
|a 231371
|
| 100 |
|
|
|a 20130131d1924 km y0rusy50 ca
|
| 101 |
0 |
|
|a rus
|
| 102 |
|
|
|a RU
|
| 105 |
|
|
|a y z 001zy
|
| 200 |
1 |
|
|a Отчет о деятельности Сибирского отделения Геологического Комитета за 1923 год
|f Геологический комитет, Сибирское отделение (Сибгеолком) ; под ред. М. А. Усова
|
| 210 |
|
|
|a Томск
|c Типо-литография Печатно-Издательского Треста
|d 1924
|
| 215 |
|
|
|a 62 с.
|c 1 табл.
|
| 225 |
1 |
|
|a Известия Сибирского отделения Геологического комитета
|v Т. 3, вып. 5
|
| 317 |
|
|
|5 63413507: КР-740
|a Поступила в НТБ в 2004 г. в составе книжного собрания профессора ТПИ К. В. Радугина
|
| 317 |
|
|
|5 63413507: КР-879
|a Поступила в НТБ в 2004 г. в составе книжного собрания профессора ТПИ К. В. Радугина
|
| 606 |
1 |
|
|a Геологические организации
|2 stltpush
|3 (RuTPU)RU\TPU\subj\72231
|9 85799
|
| 610 |
1 |
|
|a отчеты
|
| 610 |
1 |
|
|a деятельность
|
| 610 |
1 |
|
|a положение
|
| 610 |
1 |
|
|a геологические исследования
|
| 610 |
1 |
|
|a Кузнецкий бассейн
|
| 610 |
1 |
|
|a библиотека К. В. Радугина
|
| 610 |
1 |
|
|a библиотека М. А. Усова
|
| 675 |
|
|
|a 550.8.02:658
|v 3
|
| 702 |
|
1 |
|a Усов
|b М. А.
|c российский геолог
|c профессор Томского технологического института
|f 1883-1939
|g Михаил Антонович
|2 stltpush
|3 (RuTPU)RU\TPU\pers\1941
|4 340
|
| 712 |
0 |
1 |
|a СССР
|b Геологический комитет
|b Сибирское отделение (Сибгеолком)
|c (Томск)
|c (1922-1929)
|2 stltpush
|3 (RuTPU)RU\TPU\col\22357
|
| 801 |
|
1 |
|a RU
|b 63413507
|c 20130130
|
| 801 |
|
2 |
|a RU
|b 63413507
|c 20170531
|g RCR
|
| 942 |
|
|
|c BK
|